Statistiken für Bloody Mary (Rezept)

Klicken Sie hier um das Quiz zu spielen!

Allgemein

  • Dieses Quiz wurde 63 mal gespielt
  • Das Durchschnittsergebnis liegt bei 4 aus 8

Antwortstatistiken

Wie viel:Was:% Korrekt
3 AnteileTomatensaft
95%
2 AnteileWodka
92%
-Pfeffer
54%
-Salz
46%
6 TropfenTabasco
43%
(Garnitur)Zitronenscheibe und Staudensellerie
30%
-Zitronensaft
26%
6 SchussWorcestershire Sauce
16%

Verteilung der Resultate

Perzentil nach korrekt beantworteten Fragen

Anzahl Personen mit jedem Resultat

Ihre Resultats-Entwicklung

Sie haben dieses Quiz noch nicht gespielt